| 000 | 00397nam a2200157 a 4500 | ||
|---|---|---|---|
| 005 | 20140412111249.0 | ||
| 008 | 020516s19uu xx 00 eng d | ||
| 050 |
_aER _bBa23 |
||
| 245 | _aBarbie: one special night. | ||
| 260 |
_a[s.l.] : _b[s.n.], _c[n.d.] |
||
| 300 | _a1 v. (unp.) ; ill. | ||
| 440 | _aBarbie | ||
| 650 |
_aFriendship _xFiction |
||
| 650 |
_aBarbie _xFiction |
||
| 999 |
_c103051 _d103051 |
||